[Event "Irvine Orange Pumpkin op"]
[Site "Irvine"]
[Date "2016.10.29"]
[Round "4"]
[White "Wang, Annie"]
[Black "Cao, Joshua"]
[Result "1-0"]
[WhiteElo "2169"]
[BlackElo "1994"]
[PlyCount "64"]
[EventDate "2016.10.28"]
[EventType "swiss"]
[EventRounds "6"]
[EventCountry "USA"]
[SourceTitle "EXT 2018"]
[Source "ChessBase"]
[SourceDate "2017.10.13"]
[SourceVersion "1"]
[SourceVersionDate "2017.10.13"]
[SourceQuality "1"]

1. d4 f5 2. Nc3 Nf6 3. Bg5 d5 4. Bxf6 exf6 5. e3 Nc6 6. Bd3 Be6 7. Nge2 Qd7 8. a3 0-0-0 9. Na4 Kb8 10. b4 g5 11. 0-0 Bd6 12. Qd2 Qf7 13. Nc5 Bc8 14. b5 Ne7 15. a4 f4 16. exf4 Qh5 17. Ng3 Qh4 18. fxg5 Qxd4 19. Nb3 Qh4 20. gxf6 Qxf6 21. a5 h5 22. f4 Ng6 23. Ra4 Rdg8 24. b6 Nh4 25. bxa7+ Ka8 26. Rf2 Bd7 27. Ra2 Nxg2 28. Rxg2 Bh3 29. a6 Qxf4 30. axb7+ Kxb7 31. Ba6+ Kxa7 32. Qxf4 Bxf4 1-0

[Event "Irvine Orange Pumpkin op"]
[Site "Irvine"]
[Date "2016.10.28"]
[Round "1"]
[White "Cao, Joshua"]
[Black "Casella, Michael"]
[Result "1/2-1/2"]
[WhiteElo "1994"]
[BlackElo "2233"]
[PlyCount "105"]
[EventDate "2016.10.28"]
[EventType "swiss"]
[EventRounds "6"]
[EventCountry "USA"]
[SourceTitle "EXT 2018"]
[Source "ChessBase"]
[SourceDate "2017.10.13"]
[SourceVersion "1"]
[SourceVersionDate "2017.10.13"]
[SourceQuality "1"]

1. e4 c5 2. Nf3 Nc6 3. d4 cxd4 4. Nxd4 Nf6 5. Nc3 e5 6. Ndb5 d6 7. Bg5 a6 8. Na3 b5 9. Bxf6 gxf6 10. Nd5 f5 11. Bd3 Be6 12. 0-0 Bxd5 13. exd5 Ne7 14. Nxb5 Bg7 15. Nc3 e4 16. Bc4 Bxc3 17. bxc3 0-0 18. Qd4 Qc7 19. Bb3 Ng6 20. f3 exf3 21. Rxf3 f4 22. Ba4 Qe7 23. Rb1 Rab8 24. Rff1 Rxb1 25. Rxb1 Qg5 26. Kh1 h6 27. c4 Rc8 28. Rf1 Nh4 29. Qf2 Rxc4 30. Bb3 Rc3 31. Qd2 Re3 32. c4 Qe5 33. Qf2 Nf5 34. Bd1 Nd4 35. Qh4 Qg5 36. Qg4 Kg7 37. h4 Qxg4 38. Bxg4 Re4 39. Rb1 Nc2 40. Rb6 Rxc4 41. Rxa6 Ne3 42. Bf3 Nf5 43. Rc6 Rb4 44. Kh2 Rb2 45. a4 Nxh4 46. Kh3 Nf5 47. Kg4 Ne3+ 48. Kxf4 Nxg2+ 49. Bxg2 Rxg2 50. Rxd6 Ra2 51. Ra6 Rd2 52. d6 Kf6 53. d7+ 1/2-1/2